| 000 | 00618nam a2200241Ia 4500 | ||
|---|---|---|---|
| 003 | OSt | ||
| 005 | 20221005065903.0 | ||
| 006 | a|||||r|||| 00| 0 | ||
| 007 | ta | ||
| 008 | 221004b |||||||| |||| 00| 0 eng d | ||
| 024 | _a62178 | ||
| 037 | _cTextual | ||
| 040 |
_aCRL _cCRL _beng |
||
| 041 |
_2eng _aeng |
||
| 082 | _aXwN32, N9 | ||
| 100 |
_aBinani Padma _9605092 |
||
| 245 | 0 | _aMany splendoured Ghanshyam Binani | |
| 260 |
_aMumbai _bBinani Trust India _c1999 |
||
| 300 |
_a222p. _ccm. |
||
| 650 | _aECONOMICS | ||
| 942 |
_hXwN32, N9 _cTEXL _2cc |
||
| 999 |
_c975375 _d975375 |
||